00473 2200157 4500001002100000008004100021035002000062245007300082100001200155260004100167020001700208084001700225082001100242650004900253990001300302INLIS000000000000252 ind  a0010-0120000252 aBuku Pelajaran Qur'an - HadistbMadrasah Tsanawiyah Kelas 2cSuparta aSuparta aSidoarjo :bListafariska Putrac2004 aNOISBN-00035 a297.12 SUP b a297.12 aAl-Qur'an dan Hadist -- Studi dan Pengajaran a21900252